Soil Mechanics and Foundation Engineering (Geotechnical engineering) (Record no. 13609)
[ view plain ]
| 000 -LEADER | |
|---|---|
| fixed length control field | 00353cam a2200133ua 4500 |
| 020 ## - INTERNATIONAL STANDARD BOOK NUMBER | |
| ISBN | 8180141128 |
| 082 ## - DEWEY DECIMAL CLASSIFICATION NUMBER | |
| Classification number | 624.15136 |
| Item number | ARO/SO |
| 100 ## - MAIN ENTRY--AUTHOR NAME | |
| Personal name | Arora, K.R, |
| 245 1# - TITLE STATEMENT | |
| Title | Soil Mechanics and Foundation Engineering (Geotechnical engineering) |
| 250 ## - EDITION STATEMENT | |
| Edition statement | 7 |
| 260 ## - PUBLICATION, DISTRIBUTION, ETC. (IMPRINT) | |
| Place of publication | Delhi |
| Name of publisher | Standard Publishers Distributors |
| Year of publication | 2010 |
| 300 ## - PHYSICAL DESCRIPTION | |
| Number of Pages | 953 |
| 942 ## - ADDED ENTRY ELEMENTS (KOHA) | |
| Koha item type | Books |
| Withdrawn status | Lost status | Damaged status | Collection code | Home library | Current library | Shelving location | Date acquired | Source of acquisition | Cost, normal purchase price | Full call number | Accession Number | Koha item type |
|---|---|---|---|---|---|---|---|---|---|---|---|---|
| KAUAET | KAUAET | Scheme | 31/08/2016 | Penta Books Distributors, Calicut. | 375.00 | 624.15136 ARO/SO | BB 154 | Book Bank scheme for SC students | ||||
| KAUAET | KAUAET | Scheme | 31/08/2016 | Penta Books Distributors, Calicut. | 375.00 | 624.15136 ARO/SO | BB 155 | Book Bank scheme for SC students |
